00541nam a22002177a 450000500170000001000130001702000100003003500130004003700160005304000120006908200170008110000160009824500400011426000480015427000190020230000280022150000490024965000130029865000090031170000030032020170124110038.0 aA-372159 c00.00 aA-372159 bCen Lib/Ret aDPLbEN a616.462bHIL aHillson, B. aDiabetes beyond 40 /cby B.Hillson aOxfordbPositive Health Guides Seriesc2000 aOxfordbOxford a154p. :c20cm(Hb)bill. aIncludes bibliographical reference and index aDiabetes aDiet